LEADER 01954cam a2200349 a 4500 001 000000104793 003 CaOOAMICUS 005 20070503151745.0 008 070503s2006 be b 011 0 eng d 020 $a90-429-1830-6 (Peeters Leuven) 040 $aVYF$b $cVYF$dXII$dOHX$dDLC$dPUL$dLDA 245 00$aIn God's hands :$bessays on the Church and ecumenism in honour of Michael A. Fahey, S.J. /$cedited by Jaroslav Z. Skira & Michael S. Attridge. 246 18$aFestschrift M.A. Fahey, S.J. 260 $aLeuven :$bLeuven University Press :$bUitgeverij Peeters,$cc.2006. 300 $axxvii, 314, 4 p. ;$c24 cm. 490 1 $aBibliotheca Ephemeridum theologicarum Lovaniensium ;$v199 504 $a"Bibliographica academica Michael A. Fahey, S.J."--P. [xvi]-xxvii. 504 $aInclude riferimenti bibliografici ed indici 600 10$aFahey, Michael A.$q(Michael Andrew),$d1933-$2//eng$0(OLS)http://pul/subject/33257 650 04$aEcumenismo.$0(OLS)http://pul/subject/995 650 04$aChiese cristiane e dialogo ecumenico.$0(OLS)http://pul/subject/33258 700 1 $aSkira, Jaroslav Z.$0(OLS)http://pul/name/64387 700 1 $aAttridge, Michael S.$0(OLS)http://pul/name/64388 700 1 $aFahey, Michael A.$q(Michael Andrew),$d1933-$0(OLS)http://pul/name/64386 830 0$aBibliotheca Ephemeridum theologicarum Lovaniensium ;$v199.$0(OLS)http://pul/title/1445 850 $aPUL 852 $aPUL$W1$xSL Religione 1$y3$m17 A 199$j117369$qStampati$B117315$CPULBib$Z2$F117315 $H103070 $82 941 1 $a8 996 $6020$a90-429-1830-6 (Peeters Leuven)$9(OLS)http://pul/number/134165 996 $6245$aIn God's hands :$bessays on the Church and ecumenism in honour of Michael A. Fahey, S.J.$9(OLS)http://pul/title/131809 996 $6246$aFestschrift M.A. Fahey, S.J.$9(OLS)http://pul/title/131810 996 $6260$aLeuven :$bLeuven University Press :$bUitgeverij Peeters$9(OLS)http://pul/publisher/49250 LEADER 01674nam a2200361 a 4500 001 000000124565 003 CaOOAMICUS 005 20110307151559.0 008 110307s2000 it dfb u000 u ita r 020 $a88-8335-159-2 040 $aPUL$bita 041 1 $aita$heng 082 04$a302.23 100 1 $aFidler, Roger.$0(OLS)http://pul/name/78688 240 10$aMediamorphosis. Understanding New Media.$lItaliano.$0(OLS)http://pul/title/157026 245 10$aMediamorfosi :$bcomprendere i nuovi media /$cRoger Fidler ; a cura di Romana Andņ e Alberto Marinelli. 260 $aMilano :$bGuerini e associati,$c©2000. 300 $axiv, 310 p. :$bill., c. geogr, grafici ;$c21 cm 490 1 $aAlf@net. Testi e strumenti per la societą dell'informazione ;$v01 504 $aBibliografia p. [291]-293. 650 4$aComunicazione$xStudi.$0(OLS)http://pul/subject/5409 650 4$aMass media.$0(OLS)http://pul/subject/21149 700 1 $aAndņ, Romana.$0(OLS)http://pul/name/78689 700 1 $aMarinelli, Alberto.$0(OLS)http://pul/name/78690 830 0$aAlf@net. Testi e strumenti per la societą dell'informazione ;$v01.$0(OLS)http://pul/title/155851 850 $aPUL 852 $aPUL$W1$xSL Diritto e Scienze Sociali 3$y79$m302. 23 FIDRO 1$j143448$qDDC 21$B142477$CPULBib$Z2$F142477 $H115512 $82 941 1 $a9 996 $6020$a88-8335-159-2$9(OLS)http://pul/number/146585 996 $6082$a302.23$9(OLS)http://pul/classification/1682 996 $6245$aMediamorfosi :$bcomprendere i nuovi media$9(OLS)http://pul/title/157027 996 $6260$aMilano :$bGuerini e associati$9(OLS)http://pul/publisher/54431 LEADER 01343nam a2200289 u 4500 001 000000157285 003 CaOOAMICUS 005 20161207164836.0 008 161207n it u000 u eng u 032 $aLibriCat 035 $a10270027 040 $aPUL$bita 100 1 $aAhern, Barnabas Mary.$0(OLS)http://pul/name/55661 245 14$aThe fellowship of his sufferings (Phil. 3,10) :$ba study of Dt. Paul's doctrine on christian suffering /$cBarnabas Mary Ahern. 260 $aRoma :$bPontificio Istituto Biblico,$c[s.d.] 300 $a45 p. ;$c24 cm. 500 $aEstratto da: Catholic Biblical Quarterly vol. XXII, 1960, p.1-32. 502 $aEstratto da Tesi -- Pontificio Istituto Biblico. 504 $aBibliografia in nota a pič pagina. 600 04$aPaulus,$cs., apostolo.$0(OLS)http://pul/subject/417 710 2 $aPontificio istituto biblico.$kTesi.$0(OLS)http://pul/name/85533 850 $aPUL 852 $aPUL$W1$xDP1 Tesi Pon. Ist. Biblico$y33$mTH BIB 36$j180583$qTesi$B183703$CPULBib$Z2$F183703 $H20813 $82 941 1 $a16 996 $6245$aThe fellowship of his sufferings (Phil. 3,10) :$ba study of Dt. Paul's doctrine on christian suffering$9(OLS)http://pul/title/196888 996 $6260$aRoma :$bPontificio Istituto Biblico$9(OLS)http://pul/publisher/49008